Gemerské jaskyne dnes vidí celý svet

Bibliographic Details
Format: Article
Language:Slovak
PhysicalDescription:Fotogr.
ISSN:1338-659X
Subjects:

MARC

LEADER 00000nab a2200000 a 4500
001 vtls010584774
003 SK-MaSNL
005 20260305041101.0
008 140322c20140303xo dr| 0 0slo
038 |a RVGKPD 
040 |a RVGKPD  |b slo  |c RVGKPD  |e AACR2 
041 |a slo 
044 |a xo  |c SK 
080 |a 551.442  |x (437.6)  |2 1997 
080 |a 778.36  |x (437.6)  |2 1997 
245 0 0 |a Gemerské jaskyne dnes vidí celý svet  |c [autor] (sita) 
300 |b Fotogr. 
650 0 7 |a jaskyne  |2 rvgkpd  |9 20772 
650 0 7 |a Street View  |2 rvgkpd  |9 1089331 
651 7 |a Domica (Slovensko : jaskyňa)  |2 rvgkpd  |9 22972 
651 7 |a Gombasecká jaskyňa (Slovensko)  |2 rvgkpd  |9 15960 
651 7 |a Dobšinská ľadová jaskyňa (Slovensko)  |2 rvgkpd  |9 20637 
651 7 |a Ochtinská aragonitová jaskyňa (Slovensko)  |2 rvgkpd  |9 30826 
651 7 |a Rožňava (Slovensko : okres)  |2 rvgkpd  |9 19215 
773 0 |t Korzár : denník Košického kraja  |g Roč. XVII, č. 51 (3.3.2014), s. 5  |x 1338-659X 
852 |a RVGKPD  |b KIS3G 
992 |a RBX 
999 |c 3341952  |d 3343882